000 00419nam a2200181Ia 4500
001 4291
005 20260306145745.0
008 260306t2000||||xx |||||||||||||| ||spa||
041 _aESP
082 _a320.4
_bW35 2000
100 _aWeber, Max
_eAUT
245 0 _aEl político y el científico
260 _c2000
300 _a235 páginas :
_c17 CM.
650 _aGEN
654 _aCDE
942 _cLIB
_dJUS
_fJUS
_2ddc
_n
999 _c4291
_d4291